| 000 | 00814nas a2200289 4500 | ||
|---|---|---|---|
| 001 | BR0400069 | ||
| 003 | BR-BrBNA | ||
| 005 | 20231205104241.0 | ||
| 007 | ta | ||
| 008 | 230509b bl.|||p| |||| 00| 00por d | ||
| 040 |
_aBR-BrBNA _bpor _cBiblioteca Nacional de Agricultura |
||
| 041 | _a(Pt) | ||
| 072 | _aL73 | ||
| 100 | 1 | _aLenoch, R. | |
| 245 | 1 | _aSaúde pública e os moluscos marinhos cultivados | |
| 650 | _aMEXILHÃO | ||
| 650 | _aOSTRA | ||
| 650 | _aSAÚDE PÚBLICA | ||
| 650 | _aPATÓGENO | ||
| 650 | _aROTAVÍRUS | ||
| 650 | _aQUALIDADE DA ÁGUA | ||
| 650 | _aDEPURAÇÃO | ||
| 650 | _aSANTA CATARINA | ||
| 773 | 0 |
_tRevista CFMV (Brazil) _xISSN 1517-6959 _g(Jan-Aug 2003), v. 9(28-29) p. Suplemento p. 65-70 _wBR0400069 |
|
| 909 |
_a202311 _bLúcia _c55 _dLúcia Elande |
||
| 942 |
_2AGRIS _n0 _cANA |
||
| 999 |
_c177175 _d177175 |
||